000 00194 a2200097 4500
020 _a9781250145239
041 _aeng
100 _aPenny, Louise
245 _aAll the devils are here
942 _cBK
999 _c31684
_d31682